000 00592pam a2200157a 44500
008 230515b2019 xxu||||| |||| 00| 0 eng d
020 _aNULL
041 _aENGLISH
082 _a0000
100 _aMINISTRY OF AYUSH
245 _aNATIONAL CAMPAIN ON AYURVEDA AND SIDDHA FOR GERIATRIC HEALTH CARE (NATIONAL WORKSHOP ON AYURVEDA AND SIDDHA FOR FIERIATRIC HEALTH CARE)
250 _aI
260 _aNEW DELHI
_bNULL
_c2019
300 _a630
650 _aNATIONAL CAMPAIN ON AYURVEDA AND SIDDHA FOR GERIATRIC HEALTH CARE (NATIONAL WORKSHOP ON AYURVEDA AND SIDDHA FOR FIERIATRIC HEALTH CARE)
999 _c502275
_d502275